00679nam a2200205Ia 4500003000900000008004100009040001300050040001300063041000800076100001400084245010800098250002300206260002100229260000900250300001100259300001000270490001800280490000700298600016800305IT-RoPAU120407s9999 xx 000 0 und d aIT-RoPAU cIT-RoPAU aita aErnst Ell aAmore e matrimonio. Che cosa si deve sapere? Cosa si può fare? Un aiuto ai genitori e agli educatori. aFrancavilla a Mare aEdizioni Paoline c1969 a125 p. c19 cm aAmore e sesso v12 a"Tit. orig.: Liebe, Ehe, Elternschaft. Trad. M. De Nunzio. 3a ed. 1 - Matrimonio I - De Nunzio, Mercedes 301.42 BNI 70-183"